• 首页
  • 本馆介绍
  • 公告通知
  • 最新文献
  • 馆藏检索
  • 电子资源
  • 读者导购
  • 参考咨询
  • 我的图书馆
  • 登录
  • 详细信息显示
  • 放入我的书架
  • 预约/预借图书
  • 作者相关作品
  • 分类相关作品
  • 丛书相关作品
  • 出版社相关作品

书目信息

  • 表格格式
  • 工作单格式
  • 卡片格式
题名:
学生集体素质教育
    
 
作者: 萧枫 , 姜忠喆 主编
分册:  
出版信息: 长春   吉林出版集团有限责任公司  2012
页数: 199页
开本: 23cm
丛书名: 四特教育系列丛书
单 册:
中图分类: G631.4 , G641.4
科图分类:
主题词: 中小学生--集体主义教育 , 大学生--集体主义教育 , 中小学生 , 集体主义教育 , 大学生
电子资源:
ISBN: 978-7-5463-8752-9
000 01089oam2 2200337 45
001 012001002845
005 20131031105901.0
010    @a978-7-5463-8752-9@dCNY39.00
100    @a20130425d2012 em y0chiy50 ea
101 0  @achi
102    @aCN@b220000
105    @aa z 000yy
106    @ar
200 1  @a学生集体素质教育@9xue sheng ji ti su zhi jiao yu@f萧枫,姜忠喆主编
210    @a长春@c吉林出版集团有限责任公司@d2012
215    @a199页@c图@d23cm
225 2  @a四特教育系列丛书@i学生素质教育与培养丛书
330    @a本书第一章阐述了集体主义教育相关理论知识以及对学生进行集体主义教育的途径,第二章收录14个集体主义教育经典故事。
461  0 @12001 @a四特教育系列丛书
462  0 @12001 @a学生素质教育与培养丛书
606 0  @a中小学生@x集体主义教育
606 0  @a大学生@x集体主义教育
606 0  @a中小学生
606 0  @a集体主义教育
606 0  @a大学生
690    @aG631.4@v5
690    @aG641.4@v5
701  0 @a萧枫@9xiao feng@c(编辑)@4主编
701  0 @a姜忠喆@9jiang zhong zhe@4主编
801  0 @aCN@b江苏凤凰@c20191020
905    @b1230888-91@dG631.4@e766@f4
    
    学生集体素质教育/萧枫,姜忠喆主编.-长春:吉林出版集团有限责任公司,2012
    199页:图;23cm.-(四特教育系列丛书.学生素质教育与培养丛书)
    
    
    ISBN 978-7-5463-8752-9:CNY39.00
    本书第一章阐述了集体主义教育相关理论知识以及对学生进行集体主义教育的途径,第二章收录14个集体主义教育经典故事。
●
相关链接 在E读中查询图书 在五车中查询图书 在当当中查询图书 在豆瓣中查询图书


正题名:学生集体素质教育     索取号:G631.4/766         预约/预借

序号 登录号 条形码 馆藏地/架位号 状态 备注
1 1230888   212308885   第一样本阅览室/ [索取号:G631.4/766] 在馆    
2 1230889   212308894   教育系资料室/ [索取号:G631.4/766] 在馆    
3 1230890   212308901   教育系资料室/ [索取号:G631.4/766] 在馆    
4 1230891   212308910   第四借阅区/ [索取号:G631.4/766] 在馆    
唐山师范学院图书馆 欢迎您!
大连网信软件有限公司© 版权所有